[Event "Niedersachsen-ch open"]
[Site "Verden"]
[Date "2010.01.06"]
[Round "7.39"]
[White "Bach, Jannik"]
[Black "Rux, Roland"]
[Result "1/2-1/2"]
[WhiteElo "1673"]
[BlackElo "1828"]
[PlyCount "51"]
[EventDate "2010.01.03"]
[EventType "swiss"]
[EventRounds "7"]
[EventCountry "GER"]
[SourceTitle "EXT 2012"]
[Source "ChessBase"]
[SourceDate "2011.11.24"]
[SourceVersion "1"]
[SourceVersionDate "2011.11.24"]
[SourceQuality "1"]

1. e4 d5 2. exd5 Nf6 3. d4 Bg4 4. Nf3 c6 5. dxc6 Nxc6 6. c3 Qa5 7. Nbd2 e6 8. Be2 Be7 9. 0-0 Bf5 10. Nc4 Qc7 11. Nce5 Nxe5 12. Nxe5 0-0 13. f4 Nd7 14. Bd3 Bxd3 15. Qxd3 Rad8 16. Qe2 Bf6 17. Be3 Nb6 18. Rad1 Nd5 19. Kh1 b5 20. Rc1 Qb7 21. Rfd1 Bxe5 22. fxe5 Rc8 23. Kg1 Rc7 24. Rc2 Rfc8 25. Rdc1 a5 26. Qd2 1/2-1/2

[Event "Niedersachsen-ch op"]
[Site "Verden"]
[Date "2009.01.05"]
[Round "6"]
[White "Stotyn, Fabian"]
[Black "Rux, Roland"]
[Result "1-0"]
[WhiteElo "2052"]
[BlackElo "1815"]
[PlyCount "95"]
[EventDate "2009.01.03"]
[EventType "swiss"]
[EventRounds "7"]
[EventCountry "GER"]
[SourceTitle "EXT 2012"]
[Source "ChessBase"]
[SourceDate "2011.11.24"]
[SourceVersion "1"]
[SourceVersionDate "2011.11.24"]
[SourceQuality "1"]

1. e4 d5 2. exd5 Qxd5 3. Nc3 Qd6 4. Nf3 Nf6 5. d4 c6 6. Ne5 e6 7. Bf4 Qd8 8. Be2 Be7 9. 0-0 Nbd7 10. Nc4 Nb6 11. a4 0-0 12. Nxb6 Qxb6 13. a5 Qd8 14. a6 b6 15. Bf3 Nd5 16. Ne2 Nxf4 17. Nxf4 Qc7 18. Nd3 Bf6 19. c3 Bd7 20. Re1 Rad8 21. b4 Rfe8 22. Ra2 Bc8 23. Qa4 Bd7 24. Qb3 e5 25. Nxe5 Bxe5 26. dxe5 Rxe5 27. Rxe5 Qxe5 28. Re2 Qd6 29. Re1 Be6 30. Qa4 b5 31. Qc2 Bd5 32. Rd1 Qe7 33. Qd2 Kf8 34. h3 Qe5 35. Re1 Qd6 36. Bxd5 Qxd5 37. Qe3 Qd7 38. Qc5+ Kg8 39. Re7 Qd1+ 40. Kh2 h6 41. Rxa7 Qd2 42. Qe3 Qd6+ 43. Qg3 Qe6 44. Rb7 Kh7 45. a7 Ra8 46. Qc7 Rc8 47. Qxf7 Qe5+ 48. f4 1-0

[Event "Niedersachsen-ch op"]
[Site "Verden"]
[Date "2009.01.04"]
[Round "4"]
[White "Brinkmann, Fabian"]
[Black "Rux, Roland"]
[Result "0-1"]
[WhiteElo "1469"]
[BlackElo "1815"]
[PlyCount "46"]
[EventDate "2009.01.03"]
[EventType "swiss"]
[EventRounds "7"]
[EventCountry "GER"]
[SourceTitle "EXT 2012"]
[Source "ChessBase"]
[SourceDate "2011.11.24"]
[SourceVersion "1"]
[SourceVersionDate "2011.11.24"]
[SourceQuality "1"]

1. d4 Nf6 2. Bf4 g6 3. Nf3 Bg7 4. e3 d6 5. Bd3 Nbd7 6. Nbd2 c5 7. c3 0-0 8. Qc2 cxd4 9. exd4 e5 10. dxe5 dxe5 11. Bg3 Nc5 12. Be2 Bf5 13. Qd1 Nd3+ 14. Bxd3 Bxd3 15. Nb3 b6 16. Qd2 e4 17. Nfd4 Nd5 18. h3 Re8 19. Nc1 Ba6 20. Nce2 e3 21. fxe3 Nxe3 22. Rg1 Bh6 23. Qc1 Nxg2+ 0-1

[Event "Niedersachsen-ch op"]
[Site "Verden"]
[Date "2009.01.03"]
[Round "1"]
[White "Rux, Roland"]
[Black "Boss, Igor"]
[Result "0-1"]
[WhiteElo "1815"]
[BlackElo "2124"]
[PlyCount "86"]
[EventDate "2009.01.03"]
[EventType "swiss"]
[EventRounds "7"]
[EventCountry "GER"]
[SourceTitle "EXT 2012"]
[Source "ChessBase"]
[SourceDate "2011.11.24"]
[SourceVersion "1"]
[SourceVersionDate "2011.11.24"]
[SourceQuality "1"]

1. d4 Nf6 2. f3 d5 3. e4 dxe4 4. Nc3 exf3 5. Nxf3 e6 6. Bg5 Be7 7. Bd3 Nc6 8. 0-0 Nxd4 9. Nxd4 Qxd4+ 10. Kh1 c6 11. Qe1 Bd7 12. Rd1 Qb4 13. Rf4 Qa5 14. Qh4 0-0-0 15. Ra4 Qb6 16. b4 h6 17. Bd2 e5 18. Re1 Ng4 19. Qg3 f5 20. h3 f4 21. Qf3 Nf2+ 22. Kh2 Bh4 23. g3 Bxg3+ 24. Kg2 Nxd3 25. cxd3 Bf5 26. Be3 Rd4 27. Bxd4 Qxd4 28. Ne2 Qb2 29. Rc1 Kb8 30. Rc5 Rd8 31. Rc3 Be1 32. Rb3 Qc2 33. Kf1 Bd2 34. b5 c5 35. Rba3 Bxd3 36. Rxa7 Qb1+ 37. Kf2 Be3+ 38. Qxe3 fxe3+ 39. Kxe3 Bxb5 40. Ra8+ Kc7 41. Rxd8 Kxd8 42. Rb3 Qxb3+ 43. axb3 Bxe2 0-1